00287nam a2200109 a 4500008004100000050001600041100002600057245001600083246003100099260003800130350000900168120416s1985 ||||||||||||||||| || u aDT 8853 Hol aHolderness, Hardwicke10aLost chance aSouthern Rhodesia, 1945-58 aHararebZimbabwe Pub. Housec1985 a0.00